[Event "32. Münsterland Open"]
[Site "Senden, Deutschland"]
[Date "2014.10.17"]
[Round "8.5"]
[White "Steinle, Carsten"]
[Black "Webb, Laurence"]
[Result "1/2-1/2"]
[WhiteElo "2141"]
[BlackElo "2241"]
[PlyCount "161"]
[EventDate "2014.??.??"]
[WhiteTeam "SV Ahlen"]
[BlackTeam "SK Münster"]

1. b3 e5 2. Bb2 Nc6 3. e4 Nf6 4. Nf3 Nxe4 5. Bb5 Be7 6. O-O O-O 7. Re1 Nd6 8.
Bxc6 dxc6 9. Nxe5 Bf6 10. d4 Nf5 11. Na3 Be6 12. c4 Re8 13. Nc2 g6 14. Qd2 Bg7
15. Rad1 f6 16. Nd3 b6 17. Nf4 Bf7 18. d5 Rxe1+ 19. Qxe1 Qd6 20. g3 Re8 21. Qb4
c5 22. Qc3 g5 23. Ng2 Bh5 24. Re1 Rxe1+ 25. Qxe1 Kf7 26. h3 Bg6 27. g4 Ne7 28.
Na3 a6 29. Nb1 f5 30. Bxg7 Kxg7 31. Nc3 f4 32. Qd2 h6 33. Ne1 Qf6 34. Nf3 Nc8
35. Qe1 Qe7 36. Qxe7+ Nxe7 37. Ne5 Be8 38. Ne4 Nc8 39. Kg2 Nd6 40. Kf3 a5 41.
a4 Nxe4 42. Kxe4 Kf6 43. f3 h5 44. gxh5 Bxh5 45. Ng4+ Kf7 46. Nh6+ Kf6 47. Ng8+
Kf7 48. Nh6+ Kf6 49. Ng4+ Kg7 50. Kf5 Bg6+ 51. Kxg5 Bc2 52. Kxf4 Bxb3 53. Ke3
Bxa4 54. f4 Kg6 55. Ne5+ Kf5 56. Nf7 Bd7 57. Ne5 Be8 58. Nd3 a4 59. Kd2 Ke4 60.
Kc3 a3 61. Nf2+ Kxf4 62. Kb3 Kg3 63. Ne4+ Kxh3 64. d6 cxd6 65. Nxd6 Bd7 66. Ne4
Kg2 67. Nf6 Bc6 68. Nd5 b5 69. Kxa3 Kf3 70. Ne7 bxc4 71. Kb2 Bb5 72. Nf5 Kf4
73. Nd6 Ba6 74. Kc3 Ke5 75. Nf7+ Kd5 76. Ng5 Bc8 77. Nf3 Bf5 78. Nd2 Bd3 79.
Nf3 Bf1 80. Nd2 Be2 81. Nb1 1/2-1/2

[Event "32. Münsterland Open"]
[Site "Senden, Deutschland"]
[Date "2014.10.17"]
[Round "8.6"]
[White "Dahm, Jochen"]
[Black "Müller, Martin"]
[Result "1-0"]
[WhiteElo "2282"]
[BlackElo "2119"]
[PlyCount "63"]
[EventDate "2014.??.??"]
[WhiteTeam "SG Bochum"]
[BlackTeam "SV Unser Fritz"]

1. e4 e6 2. d4 d5 3. Nc3 Nf6 4. Bg5 Bb4 5. exd5 Qxd5 6. Nf3 Ne4 7. Bd2 Bxc3 8.
bxc3 b5 9. a4 Nxd2 10. Qxd2 bxa4 11. c4 Qe4+ 12. Be2 Nc6 13. O-O O-O 14. Bd3
Qg4 15. Rfe1 Rb8 16. Re4 Qg6 17. c3 Rd8 18. Rxa4 Bb7 19. Re1 Qg4 20. h3 Qh5 21.
Qf4 Rd7 22. Raa1 a6 23. Ng5 h6 24. Nf3 g5 25. Qe4 Kf8 26. Qh7 g4 27. hxg4 Qxg4
28. Qxh6+ Qg7 29. Qxg7+ Kxg7 30. Be4 f6 31. Rab1 Na5 32. Bxb7 1-0

[Event "32. Münsterland Open"]
[Site "Senden, Deutschland"]
[Date "2014.10.17"]
[Round "8.7"]
[White "Torres-Kuckel, Rafael"]
[Black "Verfürth, Thomas"]
[Result "1/2-1/2"]
[WhiteElo "2259"]
[BlackElo "2156"]
[PlyCount "65"]
[EventDate "2014.??.??"]
[WhiteTeam "SV Ahlen"]
[BlackTeam "SK Turm Kleve"]

1. e4 c5 2. Nf3 d6 3. Bc4 Nc6 4. O-O g6 5. c3 Nf6 6. Re1 Bg7 7. d4 cxd4 8. cxd4
Bg4 9. d5 Ne5 10. Bb5+ Nfd7 11. Nbd2 O-O 12. h3 Qb6 13. Bf1 Bxf3 14. Nxf3 Nxf3+
15. Qxf3 Rfc8 16. Bg5 Qxb2 17. Bxe7 Qe5 18. Bh4 Rc3 19. Qg4 Nf6 20. Bxf6 Bxf6
21. f4 Qd4+ 22. Kh1 Re8 23. Rad1 Qf2 24. e5 h5 25. Qd7 Rd8 26. Qxb7 Bh4 27. e6
Qxf4 28. e7 Re8 29. Qd7 Rcc8 30. Re2 Bf6 31. Rde1 Bc3 32. Rd1 Be5 33. Kg1
1/2-1/2

[Event "32. Münsterland Open"]
[Site "Senden, Deutschland"]
[Date "2014.10.17"]
[Round "8.8"]
[White "Ljuboschiz, Alexander"]
[Black "Seegers, Hendrik"]
[Result "0-1"]
[WhiteElo "2149"]
[BlackElo "2200"]
[PlyCount "110"]
[EventDate "2014.??.??"]
[WhiteTeam "SV Würselen"]
[BlackTeam "SF Neuenkirchen"]

1. e4 Nf6 2. e5 Nd5 3. Nc3 Nxc3 4. bxc3 d6 5. f4 g6 6. d4 Bg7 7. Nf3 O-O 8. Bd3
c5 9. O-O Qa5 10. Bd2 Bg4 11. Rb1 Qc7 12. h3 Be6 13. Be4 d5 14. Bd3 c4 15. Be2
Nc6 16. Ng5 Bd7 17. Qe1 f6 18. Nf3 Rab8 19. Nh4 b5 20. Bf3 e6 21. Bg4 f5 22.
Be2 Qa5 23. Rb2 Qa3 24. Bc1 Qe7 25. Nf3 a5 26. a3 Qxa3 27. Rxb5 Qa2 28. Rxb8
Rxb8 29. Bd1 Qb1 30. Qd2 Bf8 31. Be2 Qa2 32. g4 Ne7 33. Nh4 Ba4 34. Bd1 Bd7 35.
gxf5 exf5 36. Re1 Rb6 37. Nf3 h6 38. Qg2 Be6 39. h4 Rb1 40. Be3 Qa1 41. Qd2 a4
42. h5 a3 43. hxg6 Bg7 44. Bf2 a2 45. Bh4 Nxg6 46. Kh2 Qb2 47. Rg1 Bf7 48. e6
Be8 49. Ne5 Bxe5 50. dxe5 Qb7 51. e7 a1=Q 52. Rxg6+ Bxg6 53. Qg2 Qc6 54. Bf6
Kh7 55. Bh5 Rh1+ 0-1

[Event "32. Münsterland Open"]
[Site "Senden, Deutschland"]
[Date "2014.10.17"]
[Round "8.9"]
[White "Rott, Georg"]
[Black "Zahn, Alina"]
[Result "1/2-1/2"]
[WhiteElo "2175"]
[BlackElo "2024"]
[PlyCount "55"]
[EventDate "2014.??.??"]
[WhiteTeam "SK Münster"]
[BlackTeam "SV Empor Erfurt"]

1. e4 e5 2. Nf3 Nc6 3. Bb5 a6 4. Bxc6 dxc6 5. O-O Bg4 6. h3 Bh5 7. g4 Bg6 8.
Nxe5 Qh4 9. Qf3 f6 10. Nxg6 hxg6 11. Kg2 g5 12. Rh1 Ne7 13. d3 Qh7 14. Kg1
O-O-O 15. Nd2 Kb8 16. Nc4 Ng6 17. Qf5 Qh6 18. Qa5 Nh4 19. Kf1 g6 20. Be3 f5 21.
exf5 gxf5 22. Qc3 Bg7 23. Qb4 Rd5 24. a4 Bf8 25. Qc3 Bg7 26. Qb4 Bf8 27. Qc3
Bg7 28. Qb4 1/2-1/2

[Event "32. Münsterland Open"]
[Site "Senden, Deutschland"]
[Date "2014.10.17"]
[Round "8.10"]
[White "Peterwitz, Klaus"]
[Black "Kammers, Heribert"]
[Result "1/2-1/2"]
[WhiteElo "2125"]
[BlackElo "2163"]
[PlyCount "89"]
[EventDate "2014.??.??"]
[WhiteTeam "SV Bargteheide"]
[BlackTeam "SK Münster"]

1. Nf3 Nf6 2. d4 e6 3. g3 b6 4. Bg2 Bb7 5. O-O Be7 6. c4 O-O 7. Nc3 Ne4 8. Nxe4
Bxe4 9. Ne1 Bxg2 10. Nxg2 d5 11. cxd5 Qxd5 12. Bf4 Qb7 13. Rc1 Na6 14. Qc2 Rfd8
15. Rfd1 Rac8 16. a3 c5 17. dxc5 Rxd1+ 18. Qxd1 Rxc5 19. Be3 Rxc1 20. Qxc1 Qc7
21. Qxc7 Nxc7 22. Ne1 Bf6 23. Nd3 Nd5 24. Bd2 Ne7 25. e4 Nc6 26. f4 Bd4+ 27.
Kg2 Kf8 28. Kf3 Ke7 29. Be3 Kd6 30. Bd2 a6 31. h3 h5 32. g4 hxg4+ 33. hxg4 g6
34. Be3 Bxe3 35. Kxe3 a5 36. Kd2 e5 37. Ke3 f6 38. f5 g5 39. Kd2 Nd4 40. Kc3
Ne2+ 41. Kc4 Kc6 42. a4 Ng3 43. Nf2 Ne2 44. Nd3 Ng3 45. Nf2 1/2-1/2

[Event "32. Münsterland Open"]
[Site "Senden, Deutschland"]
[Date "2014.10.18"]
[Round "9.1"]
[White "Kummerow, Heiko"]
[Black "Podzielny, Karl-Heinz"]
[Result "0-1"]
[WhiteElo "2266"]
[BlackElo "2451"]
[PlyCount "60"]
[EventDate "2014.??.??"]
[WhiteTeam "Recklinghäuser Läufer-Ost"]
[BlackTeam "SV Letmathe"]

1. e4 c5 2. Nf3 e6 3. c3 Nf6 4. e5 Nd5 5. d4 cxd4 6. cxd4 b6 7. Nc3 Bb7 8. Bd3
Nxc3 9. bxc3 Qc7 10. Bd2 Nc6 11. Qe2 Rc8 12. O-O Na5 13. Ng5 Nc4 14. Bf4 f5 15.
exf6 Qxf4 16. Qh5+ g6 17. Bxg6+ hxg6 18. Qxg6+ Kd8 19. g3 Rh6 20. Qxh6 Bxh6 21.
gxf4 Kc7 22. Rad1 Rf8 23. f7 Nd6 24. f3 Nxf7 25. Nh3 Nd6 26. Kf2 Rh8 27. Rg1
Bf8 28. Ng5 Rxh2+ 29. Rg2 Rh6 30. Re1 Bd5 0-1

[Event "32. Münsterland Open"]
[Site "Senden, Deutschland"]
[Date "2014.10.18"]
[Round "9.2"]
[White "Zaragatski, Ilja"]
[Black "Dahm, Jochen"]
[Result "1/2-1/2"]
[WhiteElo "2472"]
[BlackElo "2282"]
[PlyCount "122"]
[EventDate "2014.??.??"]
[WhiteTeam "SF Katernberg"]
[BlackTeam "SG Bochum"]

1. g3 Nf6 2. Bg2 c5 3. Nf3 Nc6 4. O-O g6 5. c4 Bg7 6. d4 cxd4 7. Nxd4 O-O 8.
Nc2 d6 9. Nc3 Nd7 10. Bd2 Nc5 11. Rc1 Bf5 12. Ne3 Bd7 13. Ned5 e6 14. b4 exd5
15. bxc5 d4 16. Ne4 dxc5 17. Nxc5 Bc8 18. Re1 Qe7 19. Nd3 Re8 20. Rb1 Bf5 21.
Qa4 Rac8 22. Rb3 Be4 23. Bh3 Rcd8 24. f3 Bxd3 25. exd3 Qc7 26. f4 Rxe1+ 27.
Bxe1 b6 28. Bf2 Nb8 29. Ra3 a5 30. Qb5 Bf8 31. Rb3 Bc5 32. Rb2 Nc6 33. Re2 Ne7
34. Re5 Qd6 35. Qb2 Nc6 36. Re1 Kf8 37. Bg2 Ne7 38. Bh3 Nf5 39. Bxf5 gxf5 40.
Re5 Re8 41. Rd5 Qe6 42. Re5 Qd6 43. Rd5 Qe6 44. a4 h5 45. Qc2 Qg6 46. Qd1 h4
47. Kg2 Re6 48. Qf3 hxg3 49. hxg3 Rd6 50. Re5 Re6 51. Rd5 Rd6 52. Re5 Re6 53.
Qa8+ Kg7 54. Rd5 Rd6 55. Re5 Re6 56. Qd8 Rxe5 57. Bxd4 Qc6+ 58. Kh2 Qh6+ 59.
Kg2 Qc6+ 60. Kh2 Qh6+ 61. Kg2 Qc6+ 1/2-1/2

[Event "32. Münsterland Open"]
[Site "Senden, Deutschland"]
[Date "2014.10.18"]
[Round "9.3"]
[White "Seegers, Hendrik"]
[Black "Karpatchev, Aleksandr"]
[Result "0-1"]
[WhiteElo "2200"]
[BlackElo "2442"]
[PlyCount "73"]
[EventDate "2014.??.??"]
[WhiteTeam "SF Neuenkirchen"]
[BlackTeam "SF Bad Mergentheim"]

1. d4 d5 2. Nf3 Nf6 3. Bf4 c5 4. e3 Nc6 5. dxc5 e6 6. Be2 Bxc5 7. O-O O-O 8.
Nbd2 a5 9. Nb3 Be7 10. h3 Qb6 11. Rb1 Bd7 12. Ne5 Be8 13. c3 a4 14. Nd2 Nxe5
15. Bxe5 Nd7 16. Bd4 Qd6 17. e4 e5 18. Be3 Nf6 19. Qc2 Nxe4 20. Nxe4 dxe4 21.
Qxe4 f5 22. Bc4+ Kh8 23. Qd5 Qg6 24. Qxe5 f4 25. Bxf4 Bc6 26. Bg3 Bf6 27. Qc5
h5 28. Bd5 Qf5 29. c4 Rfd8 30. Rfd1 Rac8 31. Qb4 h4 32. Bxc6 hxg3 33. Bf3 gxf2+
34. Kxf2 Bd4+ 35. Kf1 Bc5 36. Rxd8+ Rxd8 37. Qe1 0-1

[Event "32. Münsterland Open"]
[Site "Senden, Deutschland"]
[Date "2014.10.18"]
[Round "9.4"]
[White "Gutman, Lev"]
[Black "Pähtz, Thomas"]
[Result "0-1"]
[WhiteElo "2415"]
[BlackElo "2362"]
[Annotator "Doe,John"]
[PlyCount "138"]
[EventDate "2014.??.??"]
[WhiteTeam "SV Lingen"]
[BlackTeam "Ilmenauer SV"]

1. Nf3 Nf6 2. g3 g6 3. Bg2 Bg7 4. O-O O-O 5. d4 d6 6. a4 Na6 7. h3 Bd7 8. Nc3
c5 9. e4 cxd4 10. Nxd4 Nc5 11. Be3 a6 12. Qd2 e5 13. Nde2 Bc6 14. f3 Qd7 15. a5
Ne8 16. Rfd1 Ne6 17. Ra3 f5 18. Nd5 Bxd5 19. Qxd5 Rc8 20. Rc3 Kh8 21. h4 Rxc3
22. bxc3 fxe4 23. fxe4 Nf6 24. Qb3 Nd8 25. c4 Nc6 26. Bb6 Qe6 27. c5 Qxb3 28.
cxb3 dxc5 29. Bxc5 Re8 30. Bb6 Bf8 31. Nc3 Nd4 32. Bxd4 exd4 33. Na4 Bb4 34.
Rxd4 Bxa5 35. e5 Rxe5 36. Bxb7 Re3 37. b4 Rxg3+ 38. Kf2 Rb3 39. bxa5 Rxb7 40.
Rd8+ Kg7 41. Ra8 Ne4+ 42. Ke3 Rb4 43. Nb6 Nc5 44. Rc8 Nb3 45. Rc7+ Kh6 46. Nd5
Rxh4 47. Nf6 g5 48. Nxh7 Nxa5 49. Nf8 Kh5 50. Ne6 Nc4+ 51. Kf2 Re4 52. Nc5 Rf4+
53. Kg3 a5 54. Rh7+ Kg6 55. Ra7 Rd4 56. Kf3 Rd5 57. Rc7 Kf5 58. Ke2 Ke5 59. Nb3
Nb6 60. Re7+ Kd6 61. Rg7 a4 62. Nd2 Kc5 63. Ne4+ Kb4 64. Rb7 Rb5 65. Kd3 Ka3
66. Nc3 Rb3 67. Kc2 Nd5 68. Nb5+ Ka2 69. Ra7 Ne3+ 0-1

[Event "32. Münsterland Open"]
[Site "Senden, Deutschland"]
[Date "2014.10.18"]
[Round "9.5"]
[White "Böhm, Jürgen"]
[Black "Steinle, Carsten"]
[Result "1-0"]
[WhiteElo "2172"]
[BlackElo "2141"]
[Annotator "Doe,John"]
[PlyCount "121"]
[EventDate "2014.??.??"]
[WhiteTeam "SF Brackel"]
[BlackTeam "SV Ahlen"]

1. d4 b6 2. e4 Bb7 3. Bd3 g6 4. c4 Bg7 5. Nf3 c5 6. d5 d6 7. Nc3 Nd7 8. O-O
Ngf6 9. h3 Qc7 10. Qc2 O-O 11. Bg5 a6 12. a4 Rfe8 13. Nd2 e5 14. g3 h6 15. Be3
Re7 16. Kh2 Rae8 17. a5 Bc8 18. Rfb1 Nh5 19. Be2 Ndf6 20. axb6 Qd7 21. Bf1 Nh7
22. Qa4 Qd8 23. b4 cxb4 24. Qxb4 f5 25. c5 f4 26. gxf4 exf4 27. Bd4 dxc5 28.
Qxc5 Ng5 29. Bxg7 Rxg7 30. d6 Ne6 31. Qa3 Qh4 32. Nd1 f3 33. Nxf3 Qxe4 34. Rb4
Qc6 35. Rb3 Nc5 36. Rc3 Qxd6+ 37. Kg1 Ne4 38. Qxd6 Nxd6 39. Bxa6 Bxh3 40. Ne3
Nf4 41. Kh2 g5 42. Rc6 Ne4 43. b7 Nxf2 44. Rc8 Bxc8 45. b8=Q Bd7 46. Qb3+ Kh8
47. Re1 Bc6 48. Nf5 Rf8 49. Nxg7 Ng4+ 50. Kg3 Nf6 51. Ne6 N4h5+ 52. Kh2 Ng4+
53. Kg1 Rxf3 54. Qb8+ Kh7 55. Qc7+ Kg6 56. Qxc6 Rg3+ 57. Kf1 Nhf6 58. Nd4 Nh2+
59. Ke2 Ra3 60. Bd3+ Kf7 61. Qc7+ 1-0

[Event "32. Münsterland Open"]
[Site "Senden, Deutschland"]
[Date "2014.10.18"]
[Round "9.6"]
[White "Webb, Laurence"]
[Black "Sazanov, Nikolay E"]
[Result "1-0"]
[WhiteElo "2241"]
[BlackElo "2262"]
[PlyCount "63"]
[EventDate "2014.??.??"]
[WhiteTeam "SK Münster"]
[BlackTeam "SC Steinfurt"]

1. e4 e6 2. d4 b6 3. Nf3 Bb7 4. Bd3 d5 5. e5 c5 6. c3 Nc6 7. O-O Be7 8. a3 h5
9. b4 Nh6 10. Be3 c4 11. Bc2 g6 12. Qd2 Nf5 13. Bg5 Qd7 14. a4 O-O-O 15. Na3
Rdf8 16. Bxe7 Ncxe7 17. Ng5 Kb8 18. f4 Bc8 19. Bxf5 gxf5 20. Nb5 Ng6 21. Nd6 f6
22. Nf3 h4 23. b5 Qc7 24. Rfb1 Rfg8 25. a5 Rd8 26. axb6 Qxb6 27. Nxc8 Rxc8 28.
Ra6 Qb7 29. exf6 Rhe8 30. Ne5 Nxe5 31. fxe5 Rc7 32. Qa2 1-0

[Event "32. Münsterland Open"]
[Site "Senden, Deutschland"]
[Date "2014.10.18"]
[Round "9.7"]
[White "Torres-Kuckel, Rafael"]
[Black "Peterwitz, Klaus"]
[Result "1-0"]
[WhiteElo "2259"]
[BlackElo "2125"]
[PlyCount "67"]
[EventDate "2014.??.??"]
[WhiteTeam "SV Ahlen"]
[BlackTeam "SV Bargteheide"]

1. e4 d5 2. exd5 Qxd5 3. Nc3 Qa5 4. Nf3 c6 5. Bc4 Bf5 6. d4 Nf6 7. Bd2 e6 8.
Qe2 Bb4 9. O-O O-O 10. a3 Bxc3 11. Bxc3 Qc7 12. Ne5 Nbd7 13. Bb3 h6 14. Bd2
Nxe5 15. dxe5 Nd7 16. f4 Nc5 17. Ba2 Rfd8 18. Be3 Na4 19. Bb3 Nb6 20. Bc5 Nd7
21. Bd6 Qb6+ 22. Qf2 Qxf2+ 23. Kxf2 Nb6 24. h3 Nd5 25. g4 Bh7 26. Ke2 Re8 27.
Rad1 Rac8 28. Rd2 Be4 29. c4 Ne7 30. Ke3 Bg6 31. Rfd1 Kh7 32. Ba4 Ng8 33. Bb4
a5 34. Bc5 1-0

[Event "32. Münsterland Open"]
[Site "Senden, Deutschland"]
[Date "2014.10.18"]
[Round "9.8"]
[White "Jacob, Helmut"]
[Black "Rott, Georg"]
[Result "1-0"]
[WhiteElo "2114"]
[BlackElo "2175"]
[PlyCount "79"]
[EventDate "2014.??.??"]
[WhiteTeam "SK Ochtrup"]
[BlackTeam "SK Münster"]

1. e4 e6 2. Nf3 d5 3. Nc3 Nf6 4. e5 Nfd7 5. d4 c5 6. dxc5 Bxc5 7. Bd3 Nc6 8.
Bf4 f6 9. exf6 Qxf6 10. Bg3 O-O 11. O-O Nd4 12. Nxd4 Bxd4 13. Qd2 a6 14. Rab1
b5 15. Nd1 Bb7 16. c3 Bc5 17. Bc2 e5 18. Ne3 Qe6 19. Rbd1 Nb6 20. Qe2 Rad8 21.
Qh5 e4 22. Qe2 Rd7 23. Bb1 Kh8 24. Nc2 Nc4 25. Nd4 Qh6 26. Nb3 Bb6 27. Nd4 Re7
28. Kh1 Qg5 29. b3 Ne5 30. f4 exf3 31. Nxf3 Nxf3 32. Rxf3 Rxf3 33. Qxf3 Kg8 34.
Rf1 Qf6 35. Qd3 Qh6 36. Qf5 g5 37. h3 Be3 38. Bd6 Re6 39. Qf7+ Kh8 40. Qxb7 1-0

[Event "32. Münsterland Open"]
[Site "Senden, Deutschland"]
[Date "2014.10.18"]
[Round "9.9"]
[White "Zahn, Alina"]
[Black "Rüberg, Jobst"]
[Result "1/2-1/2"]
[WhiteElo "2024"]
[BlackElo "2167"]
[PlyCount "62"]
[EventDate "2014.??.??"]
[WhiteTeam "SV Empor Erfurt"]
[BlackTeam "SV Ahlen"]

1. e4 c5 2. Nf3 e6 3. d4 cxd4 4. Nxd4 a6 5. Bd3 Qc7 6. Qe2 Ne7 7. c4 Nbc6 8.
Nxc6 Nxc6 9. Be3 d6 10. O-O Bd7 11. Nc3 Ne5 12. Rac1 Rc8 13. b3 Be7 14. f4 Nxd3
15. Qxd3 O-O 16. f5 Bf6 17. Ne2 b5 18. c5 dxc5 19. Bxc5 Rfd8 20. Qe3 Bb2 21.
Rc2 Be5 22. h3 exf5 23. exf5 Re8 24. Qg5 Bf6 25. Qg4 Qb7 26. Ng3 Kh8 27. Nh5
Re4 28. Qg3 Be5 29. Qg5 h6 30. Qc1 Re8 31. f6 g5 1/2-1/2

[Event "32. Münsterland Open"]
[Site "Senden, Deutschland"]
[Date "2014.10.18"]
[Round "9.10"]
[White "Kammers, Heribert"]
[Black "Holtel, Jasper"]
[Result "1/2-1/2"]
[WhiteElo "2163"]
[BlackElo "1987"]
[PlyCount "87"]
[EventDate "2014.??.??"]
[WhiteTeam "SK Münster"]
[BlackTeam "SK Münster"]

1. Nf3 Nf6 2. b3 d5 3. Bb2 Bg4 4. g3 Nbd7 5. Bg2 c6 6. O-O Bxf3 7. exf3 e6 8.
f4 Bd6 9. Re1 O-O 10. d3 Re8 11. Nd2 e5 12. fxe5 Bxe5 13. Bxe5 Nxe5 14. Nf3
Nxf3+ 15. Bxf3 Qa5 16. Re2 Rxe2 17. Bxe2 Qc3 18. Rc1 Re8 19. Kf1 Qa5 20. a4 d4
21. Qe1 Qg5 22. h4 Qd5 23. Kg1 Qe6 24. Kf1 Nh5 25. Bg4 Qxe1+ 26. Rxe1 Rxe1+ 27.
Kxe1 Nf6 28. Bf3 Kf8 29. a5 a6 30. Kd2 Ke7 31. c3 dxc3+ 32. Kxc3 Kd6 33. Kd4
Nd5 34. Be4 h6 35. Bxd5 cxd5 36. g4 f6 37. f4 Kc6 38. g5 Kd6 39. gxf6 gxf6 40.
h5 Kc6 41. Kc3 Kc5 42. b4+ Kc6 43. Kd4 Kd6 44. Kc3 1/2-1/2